| 000 | 01076nam a2200289 i 4500 | ||
|---|---|---|---|
| 003 | DO-SdBNP | ||
| 005 | 20240305094533.0 | ||
| 007 | ta | ||
| 008 | 110413s1999 dr c 000 0 spa d | ||
| 040 |
_aDO-SdBNP _bspa _cBNPHU _erda |
||
| 082 |
_bU75 _222 |
||
| 100 | 1 |
_aUreña Rib, Fernando, _d1951- _930237 |
|
| 245 | 1 | 4 |
_aLas dadoras / _cFernando Ureña Rib : fotografías Eric Laignel |
| 246 | 1 | _aObras recientes = Recent Works / | |
| 264 | 1 |
_aSanto Domingo : _b[Banco de Reservas], _bMuseo de Arte Moderno, _c1999. |
|
| 300 |
_a21 páginas _bretratos _c28 cm. |
||
| 336 |
_2rdacontent _atexto _btxt |
||
| 337 |
_2rdamedia _asin mediación _bn |
||
| 338 |
_2rdacarrier _avolumen _bnc |
||
| 500 | _aDatos en español e ingles. | ||
| 500 | _aIncluye datos biográficos del autor, en español en la página 20 y en ingles en la 1ra. página. | ||
| 500 | _aMas datos informativos en una invitación de la obra que esta en un invitación. | ||
| 590 | _aInventariado, 2023/ YL | ||
| 700 | 1 |
_aLaignel, Eric _efotografías _984089 |
|
| 910 | _aYLockward | ||
| 942 |
_2ddc _cLF2 |
||
| 999 |
_c54662 _d54662 |
||